000 00206nam a22000857a 4500
008 170127b xxu||||| |||| 00| 0 eng d
100 _92582
_aMohan.R
245 _aMathesis Class-2
260 _aNew delhi
_bGRB
_c2012
999 _c5708
_d5708